[Event "US-ch Open 2018"]
[Site "Saint Louis"]
[Date "2018.04.27"]
[Round "9"]
[White "Caruana, Fabiano"]
[Black "Nakamura, Hikaru"]
[Result "1/2-1/2"]
[WhiteElo "2804"]
[BlackElo "2787"]
[Annotator "TA"]
[PlyCount "105"]
[EventDate "2018.??.??"]
[EventType "tourn"]
[EventCountry "USA"]
[SourceTitle "playchess.com"]
[Source "ChessBase"]
[SourceQuality "1"]

{[%evp 16,105,29,27,35,11,15,12,16,16,16,12,7,19,28,-25,-17,-18,-18,-27,-33,-33,-19,-33,0,0,18,-1,35,0,0,0,0,0,0,0,0,0,0,0,46,0,0,-32,0,-7,0,-25,0,-41,-41,-39,-46,-54,0,0,0,0,0,0,0,-82,-81,-87,-86,-83,-90,-90,-83,-79,-44,-105,-79,-82,-33,-220,-218,-182,-50,-147,0,0,0,0,0,0,0,0,0,0,0,0]} 1. e4 e5 2. Nf3 Nc6 3. Bb5 Nf6 4. d3 Bc5 5. c3 O-O 6. O-O {C65: Ruy Lopez: Berlin Defence (3...Nf6), unusual lines and 4 0-0 Bc5} Re8 7. Nbd2 a6 8. Bxc6 dxc6 9. Nc4 {LiveBook: 25 Games} Bd6 $146 ({Predecessor:} 9... Bg4 10. h3 Bh5 11. Bg5 h6 12. Bxf6 Qxf6 13. g4 Bg6 14. Ncxe5 {0-1 (66) Caruana,F (2802)-Nakamura,H (2786) chess.com INT 2017}) 10. Bg5 b5 11. Ne3 Qe7 12. Nh4 Qe6 13. Nhf5 Bf8 14. f4 {fxe5 is the strong threat.} Nd7 15. Ng3 (15. fxe5 $142 Nxe5 16. a4) 15... f6 $11 16. f5 Qf7 17. Bh4 Bb7 18. Qe2 Rad8 19. Nh1 Nc5 20. Rfd1 Rd6 21. Nf2 Red8 22. Rd2 a5 23. g4 g5 24. Bg3 Ba6 25. Rad1 b4 26. c4 b3 27. a3 R6d7 28. Qe1 Nb7 29. Nh1 Nc5 {[%cal Rc5d3]} 30. Qe2 Rd4 31. Be1 R8d6 32. Nf2 Qd7 33. Kg2 Qd8 34. h3 Rd7 (34... Bh6 $15) 35. Nf1 {[%cal Be3f1,Bf1h2,Bh2f3][%mdl 32]} Na4 $1 36. Nh2 Bc5 37. Nf3 R4d6 38. Rc1 (38. h4 $11 h6 39. hxg5 hxg5 40. Rc1) 38... Bxf2 $17 39. Qxf2 c5 40. Qe2 Rxd3 41. Rxd3 Rxd3 42. Bxa5 Bb7 43. Kf2 (43. Bxc7 $15 Qd7 44. Rb1) 43... Qd7 44. Re1 Rd6 45. Rc1 $2 (45. h4 $1 $15) 45... Qc6 $1 $19 46. Re1 {[#]} Rd8 ({Black should play} 46... Qxe4 $1 $19 {[%mdl 512]} 47. Qxe4 Bxe4 48. Bxc7 (48. Rxe4 $2 Nxb2 49. Ke2 Nxc4 $19) 48... Rd7 49. Rxe4 Nxb2 50. Nxe5 Rxc7) 47. h4 {[#]} (47. Kg1 $15) 47... h6 ({Better is} 47... Qxe4 $1 $17 {[%mdl 512]} 48. Qxe4 Bxe4 49. Rxe4 Nxb2) 48. hxg5 $11 {The position is equal.} hxg5 49. Kg3 Rd7 50. Qh2 {Threatens to win with Rh1.} Rh7 51. Qd2 {And now Qd8+ would win.} Rd7 $1 {[%cal Rd7d2]} 52. Qh2 {Strongly threatening Rh1.} Rh7 53. Qd2 {Precision: White = 49%, Black = 60%.} 1/2-1/2

[Event "US-ch Open 2018"]
[Site "Saint Louis"]
[Date "2018.04.27"]
[Round "9"]
[White "Shankland, Samuel"]
[Black "Zherebukh, Yaroslav"]
[Result "1-0"]
[WhiteElo "2671"]
[BlackElo "2640"]
[Annotator "TA"]
[PlyCount "141"]
[EventDate "2018.??.??"]
[EventType "tourn"]
[EventCountry "USA"]
[SourceTitle "playchess.com"]
[Source "ChessBase"]
[SourceQuality "1"]

{[%evp 19,141,0,16,-22,-22,-22,-22,-22,-22,-22,-23,-23,-22,-18,-20,-18,-20,-19,-8,0,14,14,143,145,131,145,172,175,162,156,169,167,160,151,165,167,164,158,270,209,205,190,185,177,161,101,206,116,115,116,148,148,149,147,148,147,158,150,150,148,239,227,276,276,339,344,344,343,356,178,262,175,189,156,162,171,155,54,54,53,56,55,51,51,51,51,49,48,59,59,59,59,57,57,54,45,68,73,295,162,295,295,295,287,287,272,258,238,224,156,224,224,443,434,305,305,932,926,922,867,786,658,571,564]} 1. Nf3 Nf6 2. c4 e6 3. Nc3 d5 4. d4 Nbd7 5. Bg5 Be7 6. e3 h6 7. Bh4 O-O 8. Rc1 c6 9. a3 a6 10. c5 {D63: Queen's Gambit Declined: Classical: 7 Rc1} e5 {LiveBook: 3 Games} 11. Nxe5 $146 ({Predecessor:} 11. Be2 e4 12. Nd2 Nh7 13. Bg3 f5 14. h4 g5 15. hxg5 hxg5 16. f4 exf3 17. Nxf3 Bf6 {1-0 (33) Akobian,V (2612)-Shulman,Y (2632) Upper Lake 2009}) 11... Nxe5 12. dxe5 {The position is equal.} Nd7 13. Bxe7 Qxe7 14. Qd4 Nxe5 15. Be2 Qg5 16. g3 Qe7 17. O-O Bh3 18. Rfe1 f5 19. f3 Rae8 20. Nd1 $1 {[%cal Rd1f2] [#] aiming for Nf2.} Qf7 (20... f4 $1 $11 {[%mdl 512]} 21. Nf2 (21. exf4 Nxf3+) 21... fxg3 22. Nxh3 Nxf3+ 23. Bxf3 Rxf3) 21. Nf2 $1 $36 {[%cal Rf2h3][%mdl 2048] White has strong initiative.} Qh5 22. Qh4 $1 {[%cal Rh4h5]} Qxf3 {[%csl Gh3][%cal Rf3g2]} 23. Qxh3 Qxe3 24. Bh5 Nf3+ 25. Bxf3 $1 Qxf3 26. Qg2 Qb3 27. Nh3 Re4 28. Qd2 b6 (28... Rfe8 $16 29. Nf2 Re3) 29. Nf2 Rxe1+ 30. Qxe1 bxc5 31. Rxc5 Qxb2 32. Qc3 (32. Rxc6 $18 Qd4 33. Qe6+ Kh7 34. Qg6+ Kg8 35. Rc8 $1 {[%mdl 512]} (35. Rxa6 f4 $18) 35... Qa1+ 36. Kg2 Qxa3 37. Qxf5) 32... Qb8 (32... Qb1+ $16 {was necessary.} 33. Kg2 f4 34. gxf4 Qg6+ 35. Qg3 Qe6) 33. Nd3 ({White should play} 33. Rxc6 $18 {Rc7 is the strong threat.} f4 34. Rc7) 33... Qb1+ 34. Kg2 f4 35. Nxf4 Qe4+ 36. Kg1 g5 37. Ng2 $1 ({Inferior is} 37. Rxc6 gxf4 38. Rc7 Qe3+ 39. Kh1 Qxc3 $17) 37... Qf5 {[%csl Gf8][%cal Rf5f1]} 38. Qe1 Qf6 39. Rc1 d4 (39... Qd4+ $16 40. Qe3 Qxe3+ 41. Nxe3 Rf6) 40. Qe2 $18 c5 41. Ne1 ({Stronger than} 41. Rxc5 d3 $11) 41... Rc8 42. Nd3 c4 43. Qe4 Qd6 44. Ne5 (44. Nb4 $142) 44... c3 (44... Re8 {is a better defense.}) 45. Nd3 Kg7 46. Kg2 Rc7 47. Re1 c2 48. h4 ({White should try} 48. Kg1 $16) 48... Qc6 $1 $14 49. Qxc6 $1 Rxc6 {[%mdl 4096] Endgame KRN-KR} 50. Kf3 gxh4 51. gxh4 Rc3 52. Ke4 {Threatens to win with Rc1.} Rxa3 53. Rc1 Rc3 54. Kxd4 Rc8 55. Nc5 Kg6 56. Rxc2 Kh5 57. Rh2 {Black must now prevent Ne4.} Rg8 58. Ne4 {Intending Nf6+ and mate.} Rg1 $2 (58... Rc8 $16 59. Nf6+ Kg6) 59. Nf6+ $18 Kg6 60. Ke5 Re1+ 61. Ne4 Kh5 62. Kf4 $1 Rf1+ {[#]} 63. Kg3 $1 Re1 {[#]} 64. Nf6+ $1 Kg6 65. Nd5 Rd1 $2 (65... Re5 {was called for.}) 66. Nf4+ Kf5 67. Ra2 Rg1+ $2 (67... Rd6 68. Kf3 Ke5) 68. Ng2 {White is clearly winning.} Rb1 69. Rxa6 Rb3+ 70. Kh2 Kg4 71. Rxh6 {Precision: White = 73%, Black = 55%.} 1-0

[Event "US-ch Open 2018"]
[Site "Saint Louis"]
[Date "2018.04.27"]
[Round "9"]
[White "Xiong, Jeffery"]
[Black "Liang, Awonder"]
[Result "1/2-1/2"]
[WhiteElo "2665"]
[BlackElo "2552"]
[Annotator "TA"]
[PlyCount "60"]
[EventDate "2018.??.??"]
[EventType "tourn"]
[EventCountry "USA"]
[SourceTitle "playchess.com"]
[Source "ChessBase"]
[SourceQuality "1"]

{[%evp 21,60,18,22,0,13,19,39,45,51,50,48,47,54,50,41,35,33,36,39,15,16,0,0,0,0,0,0,-22,-19,-12,0,-18,0,0,0,0,0,0,0,0,0]} 1. e4 c6 {[%cal Bc7c6,Bc6c5][%mdl 32]} 2. d4 d5 3. e5 Bf5 4. Nf3 e6 5. Be2 c5 6. Be3 Qb6 7. Nc3 {[%cal Bb1c3,Bc3a4,Ba4c5,Bc5b7][%mdl 32]} Nc6 8. Na4 {B12: Caro-Kann: Advance Variation} (8. O-O Qxb2 9. Qe1 cxd4 10. Bxd4 Nxd4 11. Nxd4 Bb4 12. Rb1 Bxc3 13. Rxb2 Bxe1 14. Rxe1 b6 15. Bb5+ Kf8 16. Nxf5 exf5 {½-½ (55) Inarkiev,E (2689)-Riazantsev,A (2650) St Petersburg 2017}) 8... Qa5+ 9. c3 cxd4 10. Nxd4 Nxd4 11. Bxd4 Ne7 {LiveBook: 8 Games} 12. Qb3 Qc7 13. Nc5 Nc6 14. Qxb7 Qxb7 15. Nxb7 {[#] Hoping for Bb5.} Nxd4 16. cxd4 {Intending Bb5+ and mate.} Bb4+ $146 17. Kd1 Rb8 18. Ba6 Bd3 19. Bxd3 Rxb7 20. Rc1 Kd7 {The position is equal.} 21. Ke2 Ba5 22. Rc2 Rhb8 23. b3 Rb4 24. Rhc1 ({Reject} 24. Bxh7 g6 $17) 24... Rxd4 25. g3 Rdb4 26. Rc6 ({Of course not} 26. Bxh7 g6 $17) 26... R4b7 27. Rd6+ Ke7 28. Rdc6 Kd7 29. Rd6+ Ke7 30. Rdc6 Kd7 {Precision: White = 58%, Black = 67%.} 1/2-1/2

[Event "US-ch Open 2018"]
[Site "Saint Louis"]
[Date "2018.04.27"]
[Round "9"]
[White "Akobian, Varuzhan"]
[Black "So, Wesley"]
[Result "1/2-1/2"]
[WhiteElo "2647"]
[BlackElo "2786"]
[Annotator "TA"]
[PlyCount "68"]
[EventDate "2018.??.??"]
[EventType "tourn"]
[EventCountry "USA"]
[SourceTitle "playchess.com"]
[Source "ChessBase"]
[SourceQuality "1"]

{[%evp 25,68,0,0,0,-7,-35,-21,-21,-24,-78,-70,-87,-95,-83,-81,-122,-68,-66,-48,-56,-55,-45,-45,-45,-35,-53,-46,-53,-53,-64,-64,-71,-26,-26,-12,-26,0,0,0,-8,0,0,0,-9,0]} 1. d4 Nf6 2. c4 g6 3. Nc3 d5 4. Bf4 Bg7 5. e3 c5 6. dxc5 Qa5 7. Qa4+ Qxa4 8. Nxa4 Bd7 9. Nc3 {D82: Grünfeld: 4 Bf4} Ne4 (9... Bc6 10. Nf3 Nbd7 11. cxd5 Nxd5 12. Nxd5 Bxd5 13. Bb5 Bxb2 14. Rb1 Bc3+ 15. Ke2 a6 16. Bxd7+ Kxd7 {½-½ (85) Wang,Y (2690)-Jumabayev,R (2612) Riadh 2017}) 10. Nxd5 Na6 11. f3 Nexc5 12. O-O-O e6 {[%cal Be7e6,Be6e5][%mdl 32]} 13. Nc3 Bxc3 {LiveBook: 5 Games} 14. bxc3 f6 15. e4 e5 {[%mdl 1024] Black has compensation.} 16. Be3 Rc8 $146 ({Predecessor:} 16... Kf7) 17. Rd5 (17. h4 $11 {keeps the balance.}) 17... Be6 $17 18. Kd2 Ke7 19. Nh3 b6 20. Be2 Bxd5 (20... Na4 $17 21. Rf1 N6c5) 21. cxd5 $15 Nc7 22. Nf2 Ne8 23. Nd3 Nxd3 24. Bxd3 Nd6 25. a4 Nc4+ 26. Bxc4 $1 Rxc4 {[%mdl 4096] Endgame KRR-KRB} 27. Ra1 $1 Rhc8 28. Ra3 $1 f5 29. Kd3 Kd7 30. h3 h5 31. h4 {The position is equal.} R4c7 32. Rb3 Rc4 33. Ra3 R4c7 34. Rb3 Rc4 {Precision: White = 51%, Black = 56%.} 1/2-1/2

[Event "US-ch Open 2018"]
[Site "Saint Louis"]
[Date "2018.04.27"]
[Round "9"]
[White "Izoria, Zviad"]
[Black "Onischuk, Alexander"]
[Result "1/2-1/2"]
[WhiteElo "2599"]
[BlackElo "2672"]
[Annotator "TA"]
[PlyCount "94"]
[EventDate "2018.??.??"]
[EventType "tourn"]
[EventCountry "USA"]
[SourceTitle "playchess.com"]
[Source "ChessBase"]
[SourceQuality "1"]

{[%evp 39,94,26,11,21,25,8,10,6,5,6,5,5,9,6,5,0,6,6,8,7,14,0,0,0,0,0,8,0,0,0,0,0,29,0,19,0,108,25,21,0,0,0,0,0,0,0,0,0,0,0,0,0,0,0,0,0,0]} 1. Nf3 d5 2. d4 Nf6 3. c4 e6 4. Nc3 Be7 5. Bg5 h6 6. Bh4 O-O 7. e3 b6 8. Be2 Bb7 9. Bxf6 Bxf6 10. cxd5 exd5 11. b4 c5 12. bxc5 bxc5 13. Rb1 Bc6 14. O-O Nd7 15. Bb5 Qc7 16. Qd2 {D58: Queen's Gambit Declined: Tartakower Defence} Rab8 17. Bxc6 Qxc6 18. dxc5 Bxc3 19. Qxc3 Qxc5 20. Qxc5 Nxc5 {LiveBook: 5 Games} 21. Nd4 Rfc8 {[#]} 22. g3 $146 (22. Nf5 {keeps more tension.} Kf8 23. Rbd1 Rd8 24. Rd2 h5 25. Rc1) ({Predecessor:} 22. Rfc1 Rxb1 23. Rxb1 Ne6 24. Nf5 {½-½ (31) Karpov,A (2693)-Topalov,V (2739) Dubai 2002}) 22... Ne4 23. Rb3 Nd2 24. Rxb8 Rxb8 $11 {[%mdl 4096] Endgame KRN-KRN} 25. Rc1 Rb2 26. a4 Ra2 27. Rc8+ Kh7 28. Rc7 Rxa4 29. Rxf7 Ne4 30. f3 Ra1+ 31. Kg2 Ra2+ 32. Kg1 Ng5 33. Rd7 (33. Rc7 {is more complex.} Nh3+ 34. Kf1 a5 35. Nf5 Kg6 36. Ne7+) 33... a5 34. Rxd5 a4 35. Ra5 Nf7 36. Nf5 a3 37. f4 Nd8 (37... g6 $1 $11 38. Nd4 Nd6) 38. Nd4 (38. Ra6 $16) 38... Nb7 $1 {[%cal Rb7a5]} 39. Ra7 {And now Nb5 would win.The position is equal.} Nd6 40. f5 Kg8 41. g4 Nc4 {[#] Threatens to win with ...Rb2.} 42. Nb5 Rb2 43. Nxa3 Nxe3 44. h3 h5 45. gxh5 Rg2+ 46. Kh1 Rg3 47. Kh2 Rg2+ {Precision: White = 50%, Black = 79%.} 1/2-1/2

[Event "US-ch Open 2018"]
[Site "Saint Louis"]
[Date "2018.04.27"]
[Round "9"]
[White "Lenderman, Aleksandr"]
[Black "Robson, Ray"]
[Result "1/2-1/2"]
[WhiteElo "2599"]
[BlackElo "2660"]
[Annotator "TA"]
[PlyCount "142"]
[EventDate "2018.??.??"]
[EventType "tourn"]
[EventCountry "USA"]
[SourceTitle "playchess.com"]
[Source "ChessBase"]
[SourceQuality "1"]

{[%evp 16,142,0,4,34,25,32,41,41,41,45,47,107,44,59,52,68,52,87,74,73,62,136,113,214,219,229,68,85,58,155,0,0,0,0,0,0,0,0,0,0,0,0,0,0,0,0,0,0,0,0,0,16,16,17,0,0,0,0,0,0,0,4,-18,-4,-8,-1,-8,-4,-14,0,0,0,0,0,0,0,-18,-14,-14,-14,-18,0,0,0,-18,-18,-18,-18,-18,-18,-19,-20,-27,-8,-14,-14,-20,0,0,0,-20,-20,-20,-20,-20,-20,-20,-20,-20,0,-20,0,-20,-20,-20,-20,-20,-20,-20,0,0,0,0,0,0,0,0,0]} 1. d4 Nf6 2. c4 g6 3. Nc3 d5 4. Nf3 Bg7 5. cxd5 Nxd5 6. Bg5 c5 {D90: Grünfeld: 4 Nf3 Bg7 sidelines} (6... Nxc3 7. bxc3 c5 8. e3 Qa5 9. Qd2 Nc6 10. Rb1 a6 11. Be2 O-O 12. h4 e5 13. dxc5 h6 14. h5 Bf5 15. Rxb7 hxg5 16. h6 {0-1 (36) Nepomniachtchi,I (2751)-Karjakin,S (2783) chess.com INT 2017}) 7. Rc1 Nxc3 8. bxc3 Qa5 9. Qd2 {LiveBook: 13 Games} Bg4 10. e4 Nd7 11. d5 h6 $146 {White must now prevent ...Bxf3.} ({Predecessor:} 11... O-O 12. c4 Qa4 13. Be2 Nf6 14. Bd1 Qa6 {1-0 (36) Hoidahl,E (2434)-Le Bled,P (2395) ICCF email 2007}) 12. Be3 b5 13. Be2 {[%cal Bf1e2,Be2f3,Bf3g4][%mdl 32]} e6 (13... Bxf3 $14 14. Bxf3 c4) 14. c4 (14. h3 $1 $16 {[%cal Rh3g4]} Bxf3 15. Bxf3) 14... b4 15. O-O Bc3 16. Qc2 Bxf3 17. Bxf3 e5 18. Bg4 Nf6 ({Better is} 18... Nb6 $14) 19. Bh3 Qb6 {[#]} (19... Kf8 $16) 20. a3 $1 $18 a5 {[#]} 21. Rb1 $2 (21. Qa4+ $1 $18 Ke7 22. f4) 21... Qd6 $14 22. f3 Kf8 ({Black should play} 22... O-O $14) 23. Qa4 $2 (23. Qf2 $16 Bd4 24. Bxd4 exd4 25. Rbe1) 23... Kg7 $1 $11 24. axb4 axb4 25. Qc6 Qxc6 26. dxc6 Ra7 27. Bxc5 Rc7 28. Bxb4 Bd4+ 29. Kh1 Rxc6 30. Rbc1 Rb8 31. Bd2 Rb7 32. Rc2 Ne8 33. Rfc1 Nd6 34. c5 Nb5 35. Bb4 Be3 36. Rd1 Nd4 37. Rc4 Nc2 38. Bc3 Bd4 39. Bd2 Rxc5 (39... Na3 {is interesting.} 40. Rb4 Ra7 41. Rb3 Rxc5 42. Bb4 Rb5) 40. Rxc5 Bxc5 41. g3 Bd4 42. Rc1 Rb2 43. Bf1 g5 44. Bd3 Ne3 45. Bxe3 Bxe3 {[%mdl 4096] Endgame KRB-KRB} 46. Rb1 Rf2 47. Rf1 Rd2 48. Bc4 h5 49. Re1 Bd4 50. Rf1 Kg6 51. Ba6 h4 52. Bc8 Bf2 53. Bf5+ Kf6 54. Rc1 Be3 55. Ra1 {The position is equal.} Ke7 56. Ra6 Bd4 {aiming for ...h3!} 57. Rc6 Kf8 (57... Rf2 {looks sharper.} 58. Bg4 Rb2 59. Rc7+ Kd6 60. Rd7+ Kc6) 58. gxh4 (58. Bg4 {feels hotter.} Be3 59. Rc7 Rb2 60. Rd7 Rf2 61. Bh5) 58... gxh4 59. h3 Be3 60. Bg4 Kg7 61. Ra6 f6 62. Ra8 Kf7 63. Rc8 Rb2 64. Ra8 Kg6 65. Rg8+ Kh7 66. Rc8 Kh6 67. Rg8 Rf2 68. Bf5 Rxf3 69. Rh8+ Kg5 {...Rf1+ is the strong threat.} 70. Rg8+ Kh6 71. Rh8+ Kg5 {Precision: White = 62%, Black = 56%.} 1/2-1/2

[Event "US-ch Open 2018"]
[Site "Saint Louis"]
[Date "2018.04.28"]
[Round "10"]
[White "Nakamura, Hikaru"]
[Black "Akobian, Varuzhan"]
[Result "1-0"]
[WhiteElo "2787"]
[BlackElo "2647"]
[Annotator "TA"]
[PlyCount "99"]
[EventDate "2018.??.??"]
[EventType "tourn"]
[EventCountry "USA"]
[SourceTitle "playchess.com"]
[Source "ChessBase"]
[SourceQuality "1"]

{[%evp 24,99,0,0,10,2,25,0,49,56,89,97,86,89,96,106,105,101,106,91,103,95,93,101,87,72,82,98,86,85,91,88,84,84,89,45,110,121,114,105,96,100,100,56,100,100,114,112,112,99,213,197,425,415,402,421,405,409,663,559,533,540,526,517,537,524,779,771,993,986,954,899,882,865,804,778,12845,12845]} 1. e4 e6 2. d4 d5 3. Nc3 Bb4 4. e5 c5 5. a3 Ba5 6. b4 cxd4 7. Nb5 Bc7 8. f4 Bd7 9. Nf3 Bxb5 {C18: French: 3 Nc3 Bb4: Main line: 7 h4 and 7 Qg4} 10. Bxb5+ Nc6 11. Bd3 Nge7 12. O-O Bb6 13. Kh1 {LiveBook: 5 Games} Qd7 14. Rb1 (14. Bb2 Rc8 15. Qd2 Nf5 16. Bxf5 exf5 17. a4 {½-½ (44) Karjakin,S (2763)-Mamedyarov,S (2809) Moscow 2018}) 14... Nf5 $146 ({Predecessor:} 14... h5 15. a4 a5 16. bxa5 Bxa5 17. f5 Nxf5 18. Bxf5 exf5 19. Nxd4 Nxd4 20. Qxd4 {½-½ (145) Pacher,M (2471)-Videki,S (2400) Austria 2015}) 15. a4 {[%cal Ba3a4,Ba4a5][%mdl 32]} a6 16. a5 Ba7 17. Bxf5 $1 exf5 18. Ba3 $1 Rc8 19. b5 axb5 20. Rxb5 Nd8 21. Qb1 Rc3 22. e6 fxe6 23. Ne5 Qc7 24. Qb4 g5 {[#]} (24... Rxc2 $2 25. Qa4 $18) 25. Qa4 $1 Rxa3 26. Qxa3 gxf4 27. Re1 {Strongly threatening Rxd5!} Qc3 {[%cal Rc3e1]} 28. Qc1 Rg8 29. Nd3 Kd7 (29... Qc6 $14 30. Qb1 Rg7) 30. Qxf4 $16 {Qh6 is the strong threat.} Kc8 31. a6 $36 {[%mdl 2048] White is really pushing.} bxa6 32. Rb3 Qc7 ({Don't blunder} 32... Qxc2 $2 33. Rc1 $18) 33. Qxc7+ Kxc7 34. Ra3 Bb6 35. Rxa6 Kb7 36. Ra3 {[%mdl 1024] Threatens to win with Rb1. White has strong compensation.} Rg7 {[#]} (36... Kc6 $16 {was called for.}) 37. Rb3 $1 $18 {aiming for Reb1.} Rc7 $2 (37... Kc6 {is a better defense.}) 38. Reb1 Rc6 39. Ne5 Rd6 40. Rh3 Nc6 (40... h5 $142 41. Rxh5 Kc8) 41. Rxh7+ {White is clearly winning.} Ka6 42. Rd7 Rxd7 43. Nxd7 {[%mdl 4096] Endgame KRN-KBN} Ba7 44. h4 {[%cal Bh2h4,Bh4h5,Bh5h6,Bh6h7][%mdl 32]} e5 45. h5 e4 46. h6 {White wants to mate with h7.} d3 47. cxd3 Bd4 48. dxe4 fxe4 49. h7 Ne7 {[#]} 50. Nc5+ $1 {[%mdl 512] Precision: White = 93%, Black = 45%.} 1-0

[Event "US-ch Open 2018"]
[Site "Saint Louis"]
[Date "2018.04.28"]
[Round "10"]
[White "Onischuk, Alexander"]
[Black "Shankland, Samuel"]
[Result "0-1"]
[WhiteElo "2672"]
[BlackElo "2671"]
[Annotator "TA"]
[PlyCount "98"]
[EventDate "2018.??.??"]
[EventType "tourn"]
[EventCountry "USA"]
[SourceTitle "playchess.com"]
[Source "ChessBase"]
[SourceQuality "1"]

{[%evp 15,98,12,27,19,0,0,17,5,6,-12,1,0,2,2,-4,0,10,14,19,19,28,0,8,11,11,6,15,7,16,12,14,0,0,0,0,0,0,-10,-19,-29,-27,-228,-77,-85,-78,-56,-70,-83,-89,-86,-83,-96,-88,-88,-88,-89,-81,-124,-116,-122,-127,-163,-118,-161,-151,-147,-147,-137,-138,-148,-134,-143,-108,-108,-114,-290,-297,-289,-264,-383,-375,-472,-465,-447,-394]} 1. d4 Nf6 2. c4 e6 3. Nf3 d5 4. Nc3 Bb4 5. cxd5 exd5 6. Bg5 h6 7. Bh4 O-O {D38: Queen's Gambit Declined: Ragozin Defence (4 Nf3 Bb4)} 8. e3 Bf5 {LiveBook: 34 Games} 9. a3 $146 ({Predecessor:} 9. Qb3 Bxc3+ 10. bxc3 Nbd7 11. Be2 c5 12. dxc5 g5 13. Nd4 Bg6 14. c6 bxc6 15. Nxc6 {½-½ (46) So,W (2792)-Karjakin,S (2753) Wijk aan Zee 2018}) 9... Bxc3+ $1 {The position is equal.} 10. bxc3 Nbd7 11. Be2 c5 12. O-O g5 13. Bg3 Ne4 14. c4 dxc4 15. Bxc4 Rc8 16. Rc1 Qe7 17. Bd3 Rfd8 18. Qe2 Nb6 (18... Ndf6 {looks sharper.} 19. Rfe1 cxd4 20. Rxc8 Rxc8 21. Nxd4 Bd7) 19. Bxe4 Bxe4 20. Ne5 cxd4 21. Rxc8 Rxc8 22. exd4 Bf5 23. Qh5 {Hoping for f4.} f6 24. Ng4 $1 {[%cal Rg4h6]} Bxg4 $1 25. Qxg4 Qd7 26. Qf3 Nd5 27. Qh5 Kg7 28. f4 $2 (28. Re1 $11 {and White is okay.}) 28... Qe8 $2 (28... Nxf4 $19 {has better winning chances.} 29. Bxf4 Qxd4+ 30. Rf2 Rc2) 29. Qf3 Qe3+ 30. Qxe3 Nxe3 $17 {[%mdl 4096] Endgame KRB-KRN} 31. Rf3 Nd5 32. fxg5 hxg5 33. h4 gxh4 34. Bxh4 Kf7 35. Be1 b6 36. Bd2 Rc2 37. Rd3 Ke6 38. g4 Kd6 39. Kf1 Kc6 $1 40. Ke1 Kb5 $1 41. g5 fxg5 42. Bxg5 Kc4 43. Rg3 Nc3 {Strongly threatening ...Ra2.} 44. d5 Nxd5 45. Kd1 $2 {[#]} (45. Bd2 $17 {was called for.}) 45... Rc3 $1 $19 {[%cal Rc3g3]} 46. Rg4+ {[#]} Kb3 $1 47. Rd4 (47. a4 $142) 47... Ne3+ 48. Bxe3 Rxe3 49. Kd2 Rh3 {Precision: White = 46%, Black = 74%.} 0-1

[Event "US-ch Open 2018"]
[Site "Saint Louis"]
[Date "2018.04.28"]
[Round "10"]
[White "Robson, Ray"]
[Black "So, Wesley"]
[Result "1/2-1/2"]
[WhiteElo "2660"]
[BlackElo "2786"]
[Annotator "TA"]
[PlyCount "79"]
[EventDate "2018.??.??"]
[EventType "tourn"]
[EventCountry "USA"]
[SourceTitle "playchess.com"]
[Source "ChessBase"]
[SourceQuality "1"]

{[%evp 26,79,14,3,12,11,11,16,14,14,11,-18,-22,-20,-5,-18,1,0,0,6,34,0,0,0,0,0,0,0,0,0,0,0,0,0,0,0,0,0,0,-5,0,0,0,0,0,0,0,0,0,0,0,0,-2,-2,0,0]} 1. e4 e5 2. Nf3 Nc6 3. Bb5 a6 4. Ba4 Nf6 5. O-O Be7 6. Re1 b5 7. Bb3 O-O 8. a4 b4 9. d4 d6 10. dxe5 Nxe5 11. Nxe5 {C88: Closed Ruy Lopez: Anti-Marshall Systems} dxe5 12. Qxd8 (12. Qe2 a5 13. Nd2 Bc5 14. Nf3 Qe7 15. Be3 Ba6 16. Bxc5 Qxc5 17. Qe3 Qxe3 18. Rxe3 Rfe8 {½-½ (34) Karjakin,S (2753)-Carlsen,M (2834) Wijk aan Zee 2018}) 12... Rxd8 13. Nd2 Bc5 14. Nf3 {LiveBook: 4 Games} Ng4 15. Be3 Bxe3 16. fxe3 Rd6 $146 ({Predecessor:} 16... Be6 17. Bxe6 fxe6 18. h3 Nf6 {1-0 (65) Hovhannisyan,R (2589)-Babujian,L (2474) Yerevan 2012}) 17. Rad1 Be6 18. Bxe6 Rxe6 19. Rd5 Rc6 20. Re2 Re8 21. h3 Nf6 22. Rxe5 Kf8 23. Rd2 Nxe4 {The position is equal.} 24. Rd4 Nd6 25. Rxe8+ Kxe8 $11 {[%mdl 4096] Endgame KRN-KRN} 26. Ne1 Nc4 27. Re4+ Kd8 28. b3 Na3 29. Rxb4 Nxc2 30. Rb8+ Ke7 31. Nxc2 Rxc2 {KR-KR} 32. b4 Ra2 33. a5 c5 34. bxc5 {Threatens to win with Rb7+.} Rxa5 35. Rb7+ Ke6 36. c6 Rc5 37. c7 Kd7 38. Ra7 Rxc7 39. Rxa6 Rc6 40. Ra7+ {Precision: White = 80%, Black = 75%.} 1/2-1/2

[Event "US-ch Open 2018"]
[Site "Saint Louis"]
[Date "2018.04.28"]
[Round "10"]
[White "Zherebukh, Yaroslav"]
[Black "Caruana, Fabiano"]
[Result "0-1"]
[WhiteElo "2640"]
[BlackElo "2804"]
[Annotator "TA"]
[PlyCount "61"]
[EventDate "2018.??.??"]
[EventType "tourn"]
[EventCountry "USA"]
[SourceTitle "playchess.com"]
[Source "ChessBase"]
[SourceQuality "1"]

{[%evp 20,61,-16,-33,-28,-33,-29,-47,-35,-23,-12,-15,-19,-22,-16,-8,-6,-104,-91,-160,-164,-172,-169,-194,-202,-177,-175,-262,-250,-333,-260,-252,-257,-253,-241,-345,-345,-346,-341,-339,-329,-591,-537,-511]} 1. e4 c5 2. Nc3 e6 3. Nf3 a6 4. g3 b5 5. Bg2 Bb7 6. d3 Nc6 7. O-O {B40: Sicilian: 2...e6, Unusual lines} d6 8. Ng5 h6 9. Nh3 Nf6 10. f4 Be7 11. f5 {LiveBook: 3 Games} (11. Kh1 Qc7 12. Bd2 O-O-O {1-0 (43) Bacrot,E (2708)-Karjakin,S (2781) Paris 2017}) 11... b4 12. Ne2 $146 ({Predecessor:} 12. Nb1 exf5 13. Rxf5 O-O 14. c4 Nd7 15. Rf1 Bf6 16. Nf4 {½-½ (43) Tripoteau,N (2258)-Bricard,E (2456) Plancoet 2003}) 12... exf5 13. Rxf5 O-O 14. c4 bxc3 15. bxc3 Ne5 16. c4 Bc8 17. Rf1 Rb8 $36 {[%mdl 2048] Black is more active.} 18. Nhf4 {[#]} (18. Qc2 $11 {remains equal.}) 18... g5 $1 $17 19. Nd5 (19. Nh3 $142) 19... Nxd5 20. cxd5 {[#]} Bf6 $1 21. d4 cxd4 22. Nxd4 Bg4 23. Qa4 (23. Qe1 $142) 23... Nd3 $19 24. Qc4 Rb4 25. Qxd3 Bxd4+ 26. Be3 Bxa1 27. Rxa1 (27. a3 {is the only way for White.} Ra4 28. Rxa1) 27... Qf6 28. Re1 Rc8 29. h3 Bd7 30. Qxa6 $2 (30. a3 {was worth a try.} Bb5 31. Qd1) 30... Rc2 31. Rf1 {Precision: White = 39%, Black = 96%.} 0-1